Cameo Auftritte bei The Big Bang Theory - Statistiken

Allgemein
  • Dieses Quiz wurde 556 mal gespielt
  • Das Durchschnittsergebnis liegt bei 4 aus 30
Antwortstatistiken
Anzahl Antwort % Korrekt
7x Stephen Hawking
67%
16x Wil Wheaton
56%
1x Stan Lee
40%
1x Elon Musk
32%
1x James Earl Jones
28%
1x Mark Hamill
25%
1x Bill Gates
23%
1x Charlie Sheen
22%
1x Carrie Fisher
19%
1x Adam Nimoy
18%
1x Neil deGrasse Tyson
18%
1x Bill Nye
15%
1x Adam West
13%
3x LeVar Burton
12%
1x Steve Wozniak
11%
1x Brent Spiner
8%
1x Nathan Fillion
7%
1x Buzz Aldrin
6%
1x Summer Glau
5%
1x George Smoot
4%
1x George Takei
4%
1x Ellen DeGeneres
3%
2x Katee Sackhoff
3%
1x Kevin Smith
3%
1x Brian Greene
2%
2x Analeigh Tipton
1%
1x Howie Mandel
1%
3x Ira Flatow
1%
6x Mike Massimino
1%
1x Neil Gaiman
1%
Keine übereinstimmenden Quizze gefunden
Verteilung der Resultate
Anzahl Personen mit jedem Resultat
Perzentil nach korrekt beantworteten Fragen
Ihre Resultats-Entwicklung
Sie haben dieses Quiz noch nicht gespielt